000 00275nam a22001337a 4500
008 181106b xxu||||| |||| 00| 0 eng d
020 _a0962768804
041 _aeng
080 _a616.5
100 _a7
101 _aDER
245 _aSunSense
_cRobins,P
942 _2udc
_cBK
999 _c52010
_d52010